000 00816nam a22003017a 4500
001 BR2010003484
003 BR-BrBNA
005 20230928103516.0
007 ta
008 230509b bl.||||| |||| 00| 0 por d
040 _aBR-BrBNA
_bpor
_cBiblioteca Nacional de Agricultura
041 _a(Eng, Por)
072 _aF70
_b3103
090 _ 3103 BR2010003484
100 1 _aMeijer, A.A.R. de
110 1 _aEMBRAPA Florestas, Colombo, PR (Brasil)
245 1 _aMacrofungos notáveis das florestas de Pinheiro-do-Paraná
260 3 _aColombo, PR (Brasil):
_c2008.
300 _a431 p.
650 _aFLORESTA
650 _aPINHEIRO-DO-PARANÁ
650 _aMICOLOGIA
650 _aESPÉCIE
650 _aTAXONOMIA VEGETAL
650 _aPARANÁ
909 _a202309
_bLucia
_c55
_dLucia Elande
942 _cBK
999 _c75421
_d75421